000 00395cam a22001097a 4500
008 180718bn.d. xxu||||| |||| 00| 0 eng d
082 _aB12421x5421 Ut8
245 _aSurvey of living conditions of harijans in Uttar Pradesh: a sample survey
_cby J.K. Institute of Survey
260 _aLucknow
_bHarijan Welfare Department
_cn.d.
300 _a60p.
700 _aUttar Pradesh. J.K. Institute of Survey
999 _c488078
_d488078